Największe państwa z kolorem zielonym na fladze. - Statystyki

Ogólne statystyki
  • Ten quiz został rozwiązany 27 razy
  • Średni wynik to 7 z 15
Statystyki odpowiedzi
Powierzchnia Odpowiedź % Poprawnych
8,515,767 Brazylia
83%
3,287,263 Indie
70%
1,267,000 Niger
70%
2,381,741 Algieria
57%
1,964,375 Meksyk
57%
1,648,195 Iran
52%
1,219,090 Republika Południowej Afryki
52%
2,149,690 Arabia Saudyjska
48%
1,759,540 Libia
43%
1,240,192 Mali
43%
1,861,484 Sudan
35%
1,104,300 Etiopia
30%
1,285,216 Peru
30%
1,098,581 Boliwia
26%
1,030,700 Mauretania
26%
Nie znaleziono quizów pasujących do podanych kryteriów
Rozkład punktacji
Procent ludzi z każdym wynikiem
Percentyl według liczby udzielonych odpowiedzi
Twoja historia wyników
Nie rozwiązałeś tego quizu